Bible question answered / (Record no. 156)

MARC details
000 -LEADER
fixed length control field 00426nam a2200169Ia 4500
003 - CONTROL NUMBER IDENTIFIER
control field OSt
005 - DATE AND TIME OF LATEST TRANSACTION
control field 20241126110331.0
008 - FIXED-LENGTH DATA ELEMENTS--GENERAL INFORMATION
fixed length control field 160527b xxu||||| |||| 00| 0 eng d
040 ## - CATALOGING SOURCE
Transcribing agency gbc
082 ## - DEWEY DECIMAL CLASSIFICATION NUMBER
Classification number 220.076
Item number PAT
100 ## - MAIN ENTRY--PERSONAL NAME
Personal name Paton, John I
9 (RLIN) 1868
245 ## - TITLE STATEMENT
Title Bible question answered /
260 ## - PUBLICATION, DISTRIBUTION, ETC.
Name of publisher, distributor, etc. Good News Broadcasting Association,
Place of publication, distribution, etc. USA:
Date of publication, distribution, etc. 1969
300 ## - PHYSICAL DESCRIPTION
Extent 126p.
653 ## - INDEX TERM--UNCONTROLLED
Uncontrolled term Bible - Quiz
942 ## - ADDED ENTRY ELEMENTS (KOHA)
Edition 1ST ED
Source of classification or shelving scheme Dewey Decimal Classification
Koha item type Books
Koha issues (borrowed), all copies 6
Holdings
Withdrawn status Lost status Source of classification or shelving scheme Damaged status Not for loan Home library Current Library Shelving location Date acquired Total checkouts Full call number Barcode Date last seen Date last checked out Copy number Price effective from Koha item type
    Dewey Decimal Classification     GRACE BIBLE COLLEGE GRACE BIBLE COLLEGE Biblical Studies 2016-05-27 3 220.076 PAT 000529 2025-05-01 2022-07-25 c.1 2016-05-27 Books
    Dewey Decimal Classification     GRACE BIBLE COLLEGE GRACE BIBLE COLLEGE Biblical Studies 2017-04-11 3 220.076 PAT 003464 2025-05-01 2019-03-26 c.2 2017-04-11 Books
© Grace Bible College Library 2025